Score 0/20 Timer 04:00
2 Plays Today
% Correct
Beauty and the Beast
95%
Cloudy with a Chance of Meatballs
85.3%
Rocky
84.2%
Harry Potter and the Prisoner of Azkaban
84.2%
The Dark Knight Rises
82%
A Nightmare on Elm Street
79.8%
GoldenEye
78.4%
Indiana Jones and the Temple of Doom
75.7%
Aliens
71.2%
It's a Wonderful Life
70.4%
% Correct
The Princess Bride
69.7%
The Bourne Supremacy
69.1%
Sleepy Hollow
68.4%
The Color Purple
60.8%
Star Wars: Episode VII - The Force Awakens
60.8%
Walk the Line
60.6%
Beverly Hills Cop II
60.2%
The Naked Gun: From the Files of Police Squad!
59.6%
Willy Wonka and the Chocolate Factory
59.1%
Die Hard 2
35.2%
Remove Ads.
Support Sporcle.
Get the best of Sporcle when you Go Orange. This ad-free experience offers more features, more stats, and more fun while also helping to support Sporcle. Thank you for becoming a member.

You're not logged in!

Compare scores with friends on all Sporcle quizzes.
OR
Log In

Show Comments

Extras

Top Quizzes Today


Score Distribution

Your Account Isn't Verified!

In order to create a playlist on Sporcle, you need to verify the email address you used during registration. Go to your Sporcle Settings to finish the process.

Report this User

Report this user for behavior that violates our Community Guidelines.

Details: